| 000 | 01005nam0a22002651 4500 | ||
|---|---|---|---|
| 001 | rc\4145845 | ||
| 005 | 20250611110154.0 | ||
| 021 |
_aRU _b[54-40834] |
||
| 035 | _a(NLR Aleph) 008166570 | ||
| 090 |
_a7827840 _c7827840 |
||
| 100 | _a20130415d1954 |||y0rusy50 ca | ||
| 101 | 0 | _arus | |
| 102 | _aRU | ||
| 105 | _aa z ||||| | ||
| 200 | 1 | _aТехнический уход за тракторами и сельскохозяйственными машинами в тракторной бригаде | |
| 210 |
_aТашкент _cГосиздат УзССР _d1954 |
||
| 215 |
_a100 с., 2 л. схем. _cсхем. _d20 |
||
| 606 |
_aСельскохозяйственные машины и орудия _xЭксплуатация _2psbo |
||
| 606 |
_aТракторы _xЭксплуатация _2psbo |
||
| 700 | 1 |
_aСпиридонов _bП.В. _gПлатон Васильевич |
|
| 801 | 0 |
_aRU _bNLR _gpsbo |
|
| 801 | 1 |
_aRU _bELAR _2rusmarc |
|
| 852 |
_aNLR _jС20 Г-3/260 |
||
| 942 | _cBOOK | ||
| 980 | _aNB | ||